[Event "Stockerau-Open 2010 B-Turnier"]
[Site "Veranstaltungszentrum Z2000 -"]
[Date "2010.05.15"]
[Round "4"]
[White "Mischek, Gerhard"]
[Black "Gockner, Martin"]
[Result "0-1"]
[WhiteElo "1864"]
[BlackElo "1994"]
[PlyCount "70"]
[EventDate "2010.05.13"]

1. e4 c5 2. Nf3 Nc6 3. d4 cxd4 4. Nxd4 Nf6 5. Nc3 e5 6. Ndb5 d6 7. Bg5 a6 8.
Na3 b5 9. Nd5 Be7 10. Bxf6 Bxf6 11. Nxf6+ gxf6 12. c3 Ne7 13. Qd2 f5 14. f3
fxe4 15. fxe4 Bb7 16. Bd3 d5 17. exd5 Qxd5 18. Bf1 Qxd2+ 19. Kxd2 Rg8 20. Rg1
O-O-O+ 21. Ke2 Rg4 22. Nb1 Re4+ 23. Kf2 Rd1 24. g3 Kd7 25. Bg2 Re2+ 26. Kxe2
Rxg1 27. Bf1 Rh1 28. h4 Rh2+ 29. Ke1 Nf5 30. Nd2 Nxg3 31. a4 Nxf1 32. Nxf1 Rxh4
33. axb5 axb5 34. Ng3 Rh2 35. Ne2 Rh1+ 0-1

[Event "Stockerau-Open 2010 B-Turnier"]
[Site "Veranstaltungszentrum Z2000 -"]
[Date "2010.05.15"]
[Round "4"]
[White "Scharf, Leopold"]
[Black "Kersten, Julian"]
[Result "0-1"]
[WhiteElo "1628"]
[BlackElo "1993"]
[PlyCount "54"]
[EventDate "2010.05.13"]

1. e4 e5 2. Nf3 Nc6 3. Bc4 Bc5 4. c3 Nf6 5. d4 exd4 6. e5 Ng4 7. cxd4 Bb4+ 8.
Bd2 Bxd2+ 9. Nbxd2 O-O 10. h3 Nh6 11. Qc2 d5 12. Bd3 g6 13. Qc5 f6 14. O-O-O
fxe5 15. dxe5 a5 16. Ne4 Nf7 17. Nf6+ Kg7 18. Bxg6 hxg6 19. Rxd5 Qe7 20. Ne4
Qxc5+ 21. Nxc5 b6 22. Nd3 Be6 23. Nf4 Bxd5 24. Nxd5 Ncxe5 25. Nd4 Rfe8 26. Nxc7
Rac8 27. Kd2 Rxc7 0-1

[Event "Stockerau-Open 2010 B-Turnier"]
[Site "Veranstaltungszentrum Z2000 -"]
[Date "2010.05.15"]
[Round "4"]
[White "Kuehnert, Wolfgang"]
[Black "Grand, Michael"]
[Result "1-0"]
[WhiteElo "1681"]
[BlackElo "1783"]
[PlyCount "91"]
[EventDate "2010.05.13"]

1. c4 d6 2. Nc3 g6 3. d4 Bg7 4. Nf3 Nf6 5. e4 O-O 6. Be2 Nc6 7. O-O e5 8. d5
Ne7 9. b4 Ne8 10. Rb1 f5 11. c5 h6 12. Qc2 f4 13. Bc4 g5 14. b5 g4 15. Nh4 Bf6
16. Nf5 Nxf5 17. exf5 Bg5 18. cxd6 cxd6 19. Bd3 Ng7 20. Ba3 Bxf5 21. Ne4 Be7
22. Rfc1 Rc8 23. Qd2 Qb6 24. Qb4 g3 25. Qd2 gxf2+ 26. Qxf2 Qxf2+ 27. Kxf2 Rfd8
28. Kf3 Kf7 29. Be2 Ne8 30. Rxc8 Rxc8 31. Rc1 Rxc1 32. Bxc1 Bxe4+ 33. Kxe4 Nf6+
34. Kf5 Nxd5 35. Bc4 Bh4 36. Bxd5+ Ke7 37. Bxb7 Bf2 38. Ba3 h5 39. Bb4 h4 40.
h3 Bg3 41. Ke4 Ke6 42. Bc8+ Ke7 43. Kd5 Kf6 44. Bxd6 e4 45. Kxe4 f3 46. Bxg3
1-0

[Event "Stockerau-Open 2010 B-Turnier"]
[Site "Veranstaltungszentrum Z2000 -"]
[Date "2010.05.15"]
[Round "4"]
[White "Hansi, Othmar"]
[Black "Ruck, Helmut"]
[Result "0-1"]
[WhiteElo "1660"]
[BlackElo "1750"]
[PlyCount "149"]
[EventDate "2010.05.13"]

1. d4 d5 2. Nf3 c6 3. Bg5 h6 4. Bf4 Bf5 5. Nbd2 e6 6. g3 Nf6 7. Nh4 Bh7 8. Nhf3
Nbd7 9. c3 Ne4 10. Ne5 Rc8 11. Bg2 Nef6 12. O-O Be7 13. Nxd7 Qxd7 14. Re1 O-O
15. e4 dxe4 16. Nxe4 Nd5 17. Bd2 b6 18. Qg4 Kh8 19. c4 Nb4 20. Qd1 Rcd8 21. Bc3
Qc8 22. a3 Na6 23. Qf3 Nb8 24. Rad1 Qa6 25. Bf1 Nd7 26. d5 Qc8 27. d6 Bxe4 28.
Rxe4 Bf6 29. Bxf6 Nxf6 30. Red4 Rd7 31. Bg2 c5 32. Rf4 Qd8 33. g4 Ne8 34. g5
Qxg5 35. Rg4 Qe5 36. Re4 Qxb2 37. Rxe6 Kg8 38. Qe3 fxe6 39. Qxe6+ Rdf7 40. d7
Qxf2+ 41. Kh1 Nc7 42. Qe5 Qf6 43. Qxc7 Qd8 44. Qxa7 Kh8 45. Bh3 Re7 46. Qb7 Rf2
47. Qc8 Rf8 48. Qc6 Re3 49. Rf1 Rxf1+ 50. Bxf1 Rxa3 51. Qc8 Ra8 52. Qxd8+ Rxd8
{die naechsten beiden Zuege sind unklar, aber wahrscheinlich, sonst wuerde die
Zugfolge bis zum Ende der Partie nicht funktionieren.} 53. Bg2 Kg8 54. Bc6 Kf8
55. Kg2 {der Rest der Zugfolge ist wieder eindeutig nachzuvollziehen} Kf7 56.
Kg3 Ke7 57. h4 Ra8 58. Bb5 Rf8 59. Kg4 Kf6 60. Ba6 Ke6 61. Bb5 Kd6 62. Kh5 Kc7
63. Kg6 Rf4 64. h5 Rg4+ 65. Kf7 Kd8 66. Kf8 Rg5 67. Kf7 Rxh5 68. Kxg7 Rh2 69.
Kg6 h5 70. Kg5 Ke7 71. Bc6 h4 72. Kg4 Rc2 73. Bb5 Rb2 74. Kxh4 Rxb5 75. cxb5
0-1

[Event "Stockerau-Open 2010 B-Turnier"]
[Site "Veranstaltungszentrum Z2000 -"]
[Date "2010.05.15"]
[Round "4"]
[White "Pittner, Stefan"]
[Black "Stachl, Josef"]
[Result "1-0"]
[WhiteElo "1619"]
[BlackElo "1726"]
[PlyCount "35"]
[EventDate "2010.05.13"]

1. b4 d5 2. Nf3 e6 3. Bb2 Nf6 4. a3 Be7 5. e3 O-O 6. Be2 Nbd7 7. O-O c5 8. b5
b6 9. c4 Bb7 10. d4 Re8 11. Nbd2 Bd6 12. Ne5 Qc7 13. f4 cxd4 14. exd4 Ne4 15.
Rc1 Qd8 16. Nxe4 dxe4 17. Nxd7 Qxd7 18. c5 1-0

[Event "Stockerau-Open 2010 B-Turnier"]
[Site "Veranstaltungszentrum Z2000 -"]
[Date "2010.05.15"]
[Round "4"]
[White "Kunschek, Horst"]
[Black "Birg, Jovan"]
[Result "1/2-1/2"]
[WhiteElo "1974"]
[BlackElo "1940"]
[PlyCount "105"]
[EventDate "2010.05.13"]

1. e4 d5 2. exd5 Qxd5 3. Nf3 Nf6 4. d4 c6 5. c4 Qd6 6. Nc3 Bg4 7. Be2 e6 8. O-O
Be7 9. h3 Bh5 10. Be3 O-O 11. Qb3 b6 12. Rad1 Nbd7 13. a3 Rfd8 14. Rfe1 Qc7 15.
Bg5 h6 16. Bh4 Bxf3 17. Bxf3 Nf8 18. Ne4 Nxe4 19. Bxe7 Qxe7 20. Bxe4 Rac8 21.
d5 cxd5 22. cxd5 Rd6 23. dxe6 Rxe6 24. Qf3 Re8 25. Rd4 Nd7 26. Red1 Nf6 27. Bc6
Re1+ 28. Rxe1 Qxe1+ 29. Kh2 Re6 30. Rd8+ Kh7 31. Rd1 Qe5+ 32. Kg1 Qxb2 33. a4
Qe5 34. Bb5 Re7 35. Bd3+ g6 36. Bc4 Kg7 37. Bb5 Rc7 38. Qa8 Qf4 39. Rf1 h5 40.
Qb8 h4 41. Bc6 g5 42. Bf3 Nd7 43. Qd8 Nc5 44. Rd1 Ne6 45. Qe8 Rc1 46. Rxc1
Qxc1+ 47. Kh2 Qe1 48. Bg4 Qe5+ 49. Kg1 a6 50. Qd7 b5 51. axb5 axb5 52. Bxe6
Qxe6 53. Qxb5 1/2-1/2

[Event "Stockerau-Open 2010 B-Turnier"]
[Site "Veranstaltungszentrum Z2000 -"]
[Date "2010.05.15"]
[Round "4"]
[White "Hoedl, Robert"]
[Black "Mursteiner, Gerhard"]
[Result "1/2-1/2"]
[WhiteElo "1639"]
[BlackElo "1711"]
[PlyCount "90"]
[EventDate "2010.05.13"]

1. e4 d5 2. exd5 Qxd5 3. Nc3 Qa5 4. d4 c6 5. Bd3 Nf6 6. Bd2 Bg4 7. Nf3 e6 8.
Ne4 Qc7 9. Nxf6+ gxf6 10. Qe2 Nd7 11. c4 O-O-O 12. O-O-O Bd6 13. h3 Bh5 14. Bc3
Rhe8 15. g4 Bg6 16. Bxg6 hxg6 17. Kb1 e5 18. Qc2 exd4 19. Rxd4 Ne5 20. Nxe5
Bxe5 21. Rxd8+ Qxd8 22. Rd1 Qe7 23. Bd2 Rh8 24. Re1 Qd6 25. Re3 Rd8 26. Re2 Rh8
27. c5 Qc7 28. Qe4 Qd7 29. f4 Bc7 30. Kc2 Rd8 31. f5 gxf5 32. Qxf5 Qxf5+ 33.
gxf5 Be5 34. Re3 Rh8 35. Rf3 Rh4 36. b3 Kd7 37. Be1 Re4 38. Rd3+ Ke7 39. Kd1 {
remis} Rf4 40. h4 Rxf5 41. Rh3 Rh5 42. Bf2 f5 43. Ke2 Ke6 44. Rd3 Ke7 45. Kf3
f6 1/2-1/2

[Event "Stockerau-Open 2010 B-Turnier"]
[Site "Veranstaltungszentrum Z2000 -"]
[Date "2010.05.15"]
[Round "4"]
[White "Wetzenkircher, Markus"]
[Black "Paseka, Christian"]
[Result "1/2-1/2"]
[WhiteElo "1614"]
[BlackElo "1769"]
[PlyCount "72"]
[EventDate "2010.05.13"]

1. f4 g6 2. Nf3 Bg7 3. e4 d6 4. d4 e6 5. Bc4 Ne7 6. Nc3 O-O 7. Be2 b6 8. O-O
Bb7 9. Rb1 c5 10. Be3 Nd7 11. Qd2 Nf6 12. d5 exd5 13. exd5 Ng4 14. Ng5 Nxe3 15.
Qxe3 Nf5 16. Qh3 h6 17. Nge4 Nd4 18. Bd3 Bc8 19. Qg3 Bf5 20. Kh1 Bxe4 21. Bxe4
f5 22. Bd3 Qf6 23. Rbe1 Rfe8 24. Re3 Kf7 25. Rfe1 Rxe3 26. Rxe3 Re8 27. Kg1
Rxe3 28. Qxe3 h5 29. g3 Qe7 30. Qxe7+ Kxe7 31. Kf2 Bf6 32. Nd1 a6 33. Nc3 Kd7
34. Ke3 Kc7 35. b3 Kb7 36. Kf2 Kc7 1/2-1/2

[Event "Stockerau-Open 2010 B-Turnier"]
[Site "Veranstaltungszentrum Z2000 -"]
[Date "2010.05.15"]
[Round "4"]
[White "Tollerian, Karlheinz"]
[Black "Infuehr, Heinrich"]
[Result "0-1"]
[WhiteElo "1634"]
[BlackElo "1761"]
[PlyCount "64"]
[EventDate "2010.05.13"]

1. d4 Nf6 2. c4 e5 3. d5 Bc5 4. e3 d6 5. h3 Bf5 6. a3 a5 7. Nf3 h6 8. Be2 O-O
9. O-O c6 10. Nc3 Qc7 11. Re1 Nbd7 12. Bf1 Ne4 13. Nxe4 Bxe4 14. Nd2 Bg6 15. b3
f5 16. Bb2 Nf6 17. Nf3 Rfe8 18. Qc2 Qf7 19. dxc6 bxc6 20. Rad1 f4 21. Qc1 fxe3
22. fxe3 Bh5 23. Be2 Ne4 24. Rf1 Ng3 25. Rf2 Nxe2+ 26. Rxe2 e4 27. Nd4 Bxe2 28.
Nxe2 Rf8 29. Qc3 Qf2+ 30. Kh2 Rf7 31. Nd4 d5 32. cxd5 Bd6+ 0-1

[Event "Stockerau-Open 2010 B-Turnier"]
[Site "Veranstaltungszentrum Z2000 -"]
[Date "2010.05.15"]
[Round "4"]
[White "Reif, Werner"]
[Black "Holzleithner, Johannes"]
[Result "1-0"]
[WhiteElo "1824"]
[BlackElo "1576"]
[PlyCount "47"]
[EventDate "2010.05.13"]

1. d4 d5 2. Nf3 Nf6 3. Bg5 Ne4 4. Bf4 c5 5. dxc5 Nc6 6. e3 f6 7. h3 e5 8. Bh2
Bxc5 9. Be2 Qb6 10. Qc1 d4 11. Bd3 Qa5+ 12. c3 dxc3 13. Nxc3 Nxc3 14. bxc3 Be6
15. O-O Rd8 16. Qb1 Rd7 17. Bxh7 Qxc3 18. Bf5 Ke7 19. Bxe6 Kxe6 20. Qg6 Rhd8
21. Ng5+ Kd5 22. Rac1 Qb2 23. Qd3+ Nd4 24. Qc4+ 1-0

[Event "Stockerau-Open 2010 B-Turnier"]
[Site "Veranstaltungszentrum Z2000 -"]
[Date "2010.05.15"]
[Round "4"]
[White "Fink, Helmut"]
[Black "Pantelic, Slobodan"]
[Result "0-1"]
[WhiteElo "1633"]
[BlackElo "1758"]
[PlyCount "106"]
[EventDate "2010.05.13"]

1. e4 c5 2. Nf3 d6 3. Nc3 Bd7 4. Bc4 a6 5. a3 b5 6. Be2 Nf6 7. d4 cxd4 8. Nxd4
Nc6 9. O-O e6 10. Be3 Be7 11. f4 Qc7 12. Bf3 Rc8 13. Kh1 Na5 14. Nce2 Nc4 15.
Bc1 e5 16. Nf5 Bxf5 17. exf5 O-O 18. b3 Nb6 19. Ng3 Qxc2 20. fxe5 dxe5 21. Be3
Nbd7 22. Bb7 Qxd1 23. Rfxd1 Rc3 24. Bg5 Nc5 25. Bxf6 Bxf6 26. Bd5 Nxb3 27. Ne4
Nxa1 28. Nxc3 Nc2 29. Bb7 Nxa3 30. Bxa6 b4 31. Nd5 b3 32. Rd2 Rb8 33. Nxf6+
gxf6 34. Rb2 e4 35. Kg1 Rb4 36. Kf2 Nc2 37. Be2 Kg7 38. Bd1 Kh6 39. Bxc2 bxc2
40. Rxc2 Kg5 41. Rc5 h5 42. Ke3 h4 43. Rc7 Kxf5 44. Rxf7 Rb3+ 45. Kf2 Kg6 46.
Rf8 Kg5 47. Rg8+ Kf4 48. Rh8 Rb2+ 49. Kf1 Ke3 50. g3 Kf3 51. Ke1 e3 52. Kd1
hxg3 53. hxg3 e2+ 0-1

[Event "Stockerau-Open 2010 B-Turnier"]
[Site "Veranstaltungszentrum Z2000 -"]
[Date "2010.05.15"]
[Round "4"]
[White "Baronbeck, Johann"]
[Black "Mucha, Martin"]
[Result "1/2-1/2"]
[WhiteElo "1606"]
[BlackElo "1619"]
[PlyCount "31"]
[EventDate "2010.05.13"]

1. e4 c5 2. f4 Nc6 3. Nf3 d6 4. Bc4 e6 5. O-O Nf6 6. d3 Be7 7. Nc3 Na5 8. Bb5+
Bd7 9. Bxd7+ Qxd7 10. h3 O-O 11. Be3 Nc6 12. Ne2 {remis} b5 13. c3 Rad8 14. Qc2
Rc8 15. Rad1 Qb7 16. Qb1 1/2-1/2

[Event "Stockerau-Open 2010 B-Turnier"]
[Site "Veranstaltungszentrum Z2000 -"]
[Date "2010.05.15"]
[Round "4"]
[White "Prochaska, Johann"]
[Black "Schwab, Lukas"]
[Result "1/2-1/2"]
[WhiteElo "1636"]
[BlackElo "1508"]
[PlyCount "39"]
[EventDate "2010.05.13"]

1. e4 e5 2. Nf3 Nc6 3. Bb5 a6 4. Ba4 Nf6 5. O-O Be7 6. Re1 b5 7. Bb3 d6 8. c3
O-O 9. d4 Bg4 10. Bc2 Bxf3 11. gxf3 Nh5 12. Kh1 Nf4 13. Rg1 Kh8 14. Qf1 Qd7 15.
Bxf4 exf4 16. Rg4 g5 17. e5 dxe5 18. Bxh7 Kg7 19. Qh3 Qd8 20. Bf5 1/2-1/2

[Event "Stockerau-Open 2010 B-Turnier"]
[Site "Veranstaltungszentrum Z2000 -"]
[Date "2010.05.15"]
[Round "4"]
[White "Muik, Josef Jun"]
[Black "Strass, Stephan"]
[Result "0-1"]
[WhiteElo "1855"]
[BlackElo "1422"]
[PlyCount "80"]
[EventDate "2010.05.13"]

1. e4 c5 2. Nf3 d6 3. d4 cxd4 4. Nxd4 Nf6 5. Nc3 Nc6 6. Bc4 e6 7. O-O Be7 8.
Bb3 O-O 9. Be3 Na5 10. f4 Nxb3 11. axb3 a6 12. Ndb5 Ne8 13. Qf3 Bd7 14. Nd4 Bc6
15. Nxc6 bxc6 16. e5 d5 17. Na4 Nc7 18. Rad1 f6 19. Qh3 fxe5 20. fxe5 Rxf1+ 21.
Rxf1 d4 22. Rd1 c5 {remis} 23. b4 Qe8 24. Nb6 Rb8 25. bxc5 Bxc5 26. Rxd4 Rxb6
27. Rh4 Bxe3+ 28. Qxe3 Rxb2 29. Qc3 Rb1+ 30. Kf2 Qf8+ 31. Kg3 Nd5 32. Qd3 Re1
33. Qxh7+ Kf7 34. Qh5+ Ke7 35. Qg5+ Kd7 36. Rh7 Re3+ 37. Kh4 Qb4+ 38. g4 Qe1+
39. Kh5 Rh3+ 40. Kg6 Qe4+ 0-1

[Event "Stockerau-Open 2010 B-Turnier"]
[Site "Veranstaltungszentrum Z2000 -"]
[Date "2010.05.16"]
[Round "5"]
[White "Gockner, Martin"]
[Black "Wantscher, Juergen"]
[Result "1/2-1/2"]
[WhiteElo "1994"]
[BlackElo "1796"]
[PlyCount "47"]
[EventDate "2010.05.13"]

1. e4 c5 2. Nf3 Nc6 3. d4 cxd4 4. Nxd4 Nf6 5. Nc3 e5 6. Ndb5 d6 7. Bg5 a6 8.
Na3 b5 9. Nd5 Qa5+ 10. Qd2 Qxd2+ 11. Bxd2 Nxd5 12. exd5 Ne7 13. c4 bxc4 14.
Bxc4 Bb7 15. O-O Bxd5 16. Bxd5 Nxd5 17. Ba5 Nf4 18. Rfd1 Rc8 19. Kf1 Be7 20.
Bb4 Kd7 21. g3 Ne6 22. Rd5 Nd4 23. Rd1 Ke6 24. Ra5 1/2-1/2

[Event "Stockerau-Open 2010 B-Turnier"]
[Site "Veranstaltungszentrum Z2000 -"]
[Date "2010.05.16"]
[Round "5"]
[White "Molnar, Kristof"]
[Black "Reichert, Wolfram"]
[Result "0-1"]
[WhiteElo "1760"]
[BlackElo "1836"]
[PlyCount "62"]
[EventDate "2010.05.13"]

1. e4 c6 2. d4 d5 3. exd5 cxd5 4. Bd3 Nc6 5. c3 Nf6 6. Bf4 Qa5 7. Nf3 Bg4 8.
Nbd2 Nh5 9. Be3 e6 10. h3 Bxf3 11. Nxf3 Bd6 12. O-O O-O 13. Ng5 Nf6 14. Qc2 h6
15. Nf3 Rfe8 16. Rfe1 Qc7 17. Qd2 Bf8 18. Bf4 Qd8 19. Ne5 Rc8 20. Nxc6 bxc6 21.
Ba6 Ne4 22. Qc1 e5 23. Bxe5 Rxe5 24. Bxc8 Rg5 25. Rxe4 {remis} dxe4 26. Ba6 Qd5
27. Qe3 Qf5 28. b4 Bd6 29. Kh1 Bf4 30. Qe2 Rh5 31. Qg4 Qxg4 0-1

[Event "Stockerau-Open 2010 B-Turnier"]
[Site "Veranstaltungszentrum Z2000 -"]
[Date "2010.05.16"]
[Round "5"]
[White "Kersten, Julian"]
[Black "Pittner, Stefan"]
[Result "1-0"]
[WhiteElo "1993"]
[BlackElo "1619"]
[PlyCount "45"]
[EventDate "2010.05.13"]

1. e4 a6 2. d4 b5 3. Nf3 Bb7 4. Bd3 e6 5. O-O c5 6. c3 Nf6 7. Re1 h6 8. Nbd2
Be7 9. a4 b4 10. Nc4 d5 11. exd5 Bxd5 12. Nce5 O-O 13. a5 Nbd7 14. Qe2 cxd4 15.
cxd4 Bb7 16. Bd2 Nxe5 17. dxe5 Nd5 18. Qe4 f5 19. exf6 Rxf6 20. Qh7+ Kf7 21.
Ne5+ Ke8 22. Bg6+ Rxg6 23. Qxg6+ 1-0

[Event "Stockerau-Open 2010 B-Turnier"]
[Site "Veranstaltungszentrum Z2000 -"]
[Date "2010.05.16"]
[Round "5"]
[White "Ruck, Helmut"]
[Black "Kuehnert, Wolfgang"]
[Result "1-0"]
[WhiteElo "1750"]
[BlackElo "1681"]
[PlyCount "93"]
[EventDate "2010.05.13"]

1. d4 d5 2. Nf3 Nf6 3. e3 e6 4. b3 Bd6 5. Bb2 O-O 6. Bd3 c6 7. Nbd2 Nbd7 8. O-O
Qc7 9. c4 dxc4 10. Nxc4 Re8 11. Nxd6 Qxd6 12. Qc2 Nf8 13. Rad1 b6 14. h3 Bb7
15. Ne5 Rac8 16. Qb1 N6d7 17. Nc4 Qb8 18. Be4 Nf6 19. Bf3 Ba6 20. Rfe1 Bxc4 21.
bxc4 Qc7 22. Qa1 Qe7 23. a4 N8d7 24. Rd2 e5 25. Red1 e4 26. Be2 Red8 27. d5
cxd5 28. cxd5 Nc5 29. Qa2 Ne8 30. Bg4 Rc7 31. Bc3 Nd6 {remis} 32. Ba1 Nd3 33.
Be2 Nc1 34. Qb2 Nxe2+ 35. Rxe2 f6 36. Rc1 Rdc8 37. Rec2 Qd7 38. Qb3 Rxc2 39.
Rxc2 Rxc2 40. Qxc2 Qc8 41. Qd1 Qc4 42. Kh2 Qd3 43. Qg4 Qxd5 44. Bxf6 Qf7 45.
Be5 Qe7 46. Bc3 Nc4 47. Qc8+ 1-0

[Event "Stockerau-Open 2010 B-Turnier"]
[Site "Veranstaltungszentrum Z2000 -"]
[Date "2010.05.16"]
[Round "5"]
[White "Birg, Jovan"]
[Black "Reif, Werner"]
[Result "1-0"]
[WhiteElo "1940"]
[BlackElo "1824"]
[PlyCount "47"]
[EventDate "2010.05.13"]

1. e4 c5 2. Nc3 Nc6 3. f4 g6 4. Nf3 Bg7 5. Bc4 e6 6. O-O Nge7 7. d3 O-O 8. Qe1
d5 9. Bb3 Nd4 10. Nxd4 Bxd4+ 11. Kh1 dxe4 12. dxe4 Bg7 13. Be3 Qc7 14. Bc4 a6
15. a4 b6 16. Rd1 Bb7 17. Bc1 Rad8 18. Rd3 Rxd3 19. cxd3 Qc6 20. Qg3 Bxc3 21.
bxc3 Qxa4 22. f5 exf5 23. Bh6 Rd8 24. Qe5 1-0

[Event "Stockerau-Open 2010 B-Turnier"]
[Site "Veranstaltungszentrum Z2000 -"]
[Date "2010.05.16"]
[Round "5"]
[White "Stachl, Josef"]
[Black "Mischek, Gerhard"]
[Result "1-0"]
[WhiteElo "1726"]
[BlackElo "1864"]
[PlyCount "53"]
[EventDate "2010.05.13"]

1. d4 f5 2. Bg5 c6 3. Nd2 Qb6 4. Nb3 d6 5. e3 e5 6. dxe5 dxe5 7. Bc4 Qb4+ 8. c3
Qd6 9. Nf3 Nd7 10. Qc2 Qg6 11. O-O-O Ngf6 12. h4 Be7 13. Be6 e4 14. h5 Nxh5 15.
Bxd7+ Bxd7 16. Bxe7 exf3 17. Qd3 Be6 18. Ba3 fxg2 19. Qd6 Qf7 20. Rxh5 g1=Q 21.
Rxg1 Rd8 22. Qh2 g6 23. Rh4 Qg7 24. Rd4 Bxb3 25. axb3 Rxd4 26. exd4 Kd7 27. Re1
1-0

[Event "Stockerau-Open 2010 B-Turnier"]
[Site "Veranstaltungszentrum Z2000 -"]
[Date "2010.05.16"]
[Round "5"]
[White "Mursteiner, Gerhard"]
[Black "Kunschek, Horst"]
[Result "1-0"]
[WhiteElo "1711"]
[BlackElo "1974"]
[PlyCount "43"]
[EventDate "2010.05.13"]

1. d4 d5 2. c4 Nc6 3. Nf3 Bg4 4. e3 e5 5. dxe5 Nxe5 6. Be2 Nxc4 7. O-O Nf6 8.
b3 Nb6 9. Bb2 Be7 10. Nc3 O-O 11. Rc1 c6 12. h3 Bf5 13. Nh4 Be6 14. Qc2 Ne4 15.
Nf3 Nxc3 16. Bxc3 Bf6 17. Nd4 Bc8 18. Rfd1 Qe7 19. Bd3 g6 20. Qb2 Re8 21. Nxc6
Bxc3 22. Nxe7+ 1-0

[Event "Stockerau-Open 2010 B-Turnier"]
[Site "Veranstaltungszentrum Z2000 -"]
[Date "2010.05.16"]
[Round "5"]
[White "Pantelic, Slobodan"]
[Black "Lehner, Erich"]
[Result "1-0"]
[WhiteElo "1758"]
[BlackElo "1957"]
[PlyCount "149"]
[EventDate "2010.05.13"]

1. Nf3 Nf6 2. d4 h6 3. Bf4 d5 4. Nbd2 Bg4 5. e3 e6 6. h3 Bxf3 7. Qxf3 Bd6 8.
Bd3 Bxf4 9. Qxf4 Qd6 10. Qf3 Nbd7 11. a3 O-O-O 12. c4 c6 13. b4 e5 14. cxd5
cxd5 15. dxe5 Nxe5 16. Bf5+ Kb8 17. Qe2 g6 18. Bd3 Rc8 19. O-O Rc3 20. Bb5 a6
21. Ba4 b5 22. Bd1 Nc4 23. Nb3 Ne4 24. Bc2 f5 25. Rfd1 Rd8 26. Rd3 Ne5 27. Rxc3
Nxc3 28. Qd2 Rc8 29. Nc5 Qf6 30. Kf1 Nc4 31. Qd4 Qxd4 32. exd4 Ka7 33. a4 Rc6
34. axb5 Nxb5 35. Ba4 Kb6 36. Bxb5 Kxb5 37. Nd3 Nd2+ 38. Ke1 Nb3 39. Ra2 Nxd4
40. Ra5+ Kc4 41. Ne5+ Kxb4 42. Nxc6+ Nxc6 43. Rxa6 Kc5 44. Ra8 Kd4 45. Rg8 Ne5
46. f4 Nd3+ 47. Ke2 Nxf4+ 48. Kf3 Nd3 49. h4 Ne5+ 50. Kf4 Nd3+ 51. Kg3 Ne5 52.
Rg7 Ke4 53. Kf2 d4 54. Ke2 Kf4 55. Re7 Ke4 56. g3 f4 57. gxf4 Kxf4 58. h5 g5
59. Rh7 Ng4 60. Kd3 Kg3 61. Kxd4 Kh4 62. Kd3 Kxh5 63. Ke2 Kg6 64. Rh8 Nf6 65.
Ra8 h5 66. Kf3 h4 67. Ra6 g4+ 68. Kf4 g3 69. Kf3 Kg5 70. Ra5+ Kg6 71. Kg2 Ne4
72. Kh3 Kf6 73. Kxh4 g2 74. Ra1 Kf5 75. Kh3 1-0

[Event "Stockerau-Open 2010 B-Turnier"]
[Site "Veranstaltungszentrum Z2000 -"]
[Date "2010.05.16"]
[Round "5"]
[White "Grand, Michael"]
[Black "Hoedl, Robert"]
[Result "1/2-1/2"]
[WhiteElo "1783"]
[BlackElo "1639"]
[PlyCount "29"]
[EventDate "2010.05.13"]

1. d4 Nf6 2. Nf3 g6 3. Nc3 d5 4. Bf4 c5 5. e3 Bg7 6. dxc5 Qa5 7. Be2 Ne4 8. O-O
Nxc3 9. bxc3 Qxc5 10. Be5 O-O 11. Bxg7 Kxg7 12. Qd4+ Qxd4 13. cxd4 Bf5 14. c4
dxc4 15. Bxc4 1/2-1/2

[Event "Stockerau-Open 2010 B-Turnier"]
[Site "Veranstaltungszentrum Z2000 -"]
[Date "2010.05.16"]
[Round "5"]
[White "Infuehr, Heinrich"]
[Black "Scharf, Leopold"]
[Result "0-1"]
[WhiteElo "1761"]
[BlackElo "1628"]
[PlyCount "68"]
[EventDate "2010.05.13"]

1. d4 Nf6 2. c4 e6 3. Nc3 Bb4 4. Qc2 d5 5. a3 Bxc3+ 6. bxc3 dxc4 7. e4 b5 8.
Rb1 Bb7 9. f3 Nxe4 10. fxe4 Qh4+ 11. Kd1 Bxe4 12. Qb2 a6 13. Ra1 O-O 14. Nf3
Qf6 15. Be2 Nc6 16. Rf1 Qd8 17. Bf4 Ne7 18. Qd2 Nd5 19. Bg3 Ra7 20. Nh4 Qe8 21.
Rf2 f6 22. Nf3 c5 23. Bd6 cxd4 24. Nxd4 Rff7 25. Ke1 Rfd7 26. Bg3 e5 27. Nc6
Nb4 28. Qxd7 Nc2+ 29. Kf1 Rxd7 30. Rc1 Ne3+ 31. Kg1 Bxc6 32. Bf3 Bxf3 33. Rxf3
Rd1+ 34. Rxd1 Nxd1 0-1

[Event "Stockerau-Open 2010 B-Turnier"]
[Site "Veranstaltungszentrum Z2000 -"]
[Date "2010.05.16"]
[Round "5"]
[White "Strass, Stephan"]
[Black "Hansi, Othmar"]
[Result "1-0"]
[WhiteElo "1422"]
[BlackElo "1660"]
[PlyCount "61"]
[EventDate "2010.05.13"]

1. e4 c5 2. Nf3 d6 3. d4 cxd4 4. Nxd4 Nf6 5. Nc3 e5 6. Nf3 Qa5 7. Bd2 Qb4 8. a3
Qb6 9. h3 Bd7 10. Bc4 h6 11. O-O Bc6 12. Re1 Na6 13. b4 Nc7 14. Be3 Qxe3 15.
Rxe3 O-O-O 16. Bxf7 d5 17. exd5 Ncxd5 18. Nxd5 Bxd5 19. Bxd5 Nxd5 20. Rd3 Be7
21. Rxd5 Bf6 22. Rxd8+ Rxd8 23. Qe2 e4 24. Rd1 Rxd1+ 25. Qxd1 exf3 26. Qxf3 Bb2
27. c4 Kc7 28. g4 Kd7 29. Qd3+ Kc6 30. Qd5+ Kb6 31. Qd6# 1-0

[Event "Stockerau-Open 2010 B-Turnier"]
[Site "Veranstaltungszentrum Z2000 -"]
[Date "2010.05.16"]
[Round "5"]
[White "Paseka, Christian"]
[Black "Baronbeck, Johann"]
[Result "1/2-1/2"]
[WhiteElo "1769"]
[BlackElo "1606"]
[PlyCount "50"]
[EventDate "2010.05.13"]

1. d4 e5 2. dxe5 Qe7 3. Nf3 Nc6 4. Nc3 Nxe5 5. Nxe5 Qxe5 6. g3 c6 7. Bg2 Nf6 8.
O-O Bc5 9. h3 Qxg3 10. Na4 Qd6 11. Bg5 Qxd1 12. Raxd1 Be7 13. Bf4 O-O 14. e4
Ne8 15. a3 d6 16. Rfe1 Be6 17. Rd2 Rd8 18. Be3 b6 19. Red1 Nf6 20. f4 Ne8 21.
Nc3 d5 22. exd5 Bxd5 23. Nxd5 cxd5 24. Rxd5 Nf6 25. Rxd8 Rxd8 1/2-1/2

[Event "Stockerau-Open 2010 B-Turnier"]
[Site "Veranstaltungszentrum Z2000 -"]
[Date "2010.05.16"]
[Round "5"]
[White "Prochaska, Johann"]
[Black "Pasteiner, Gernot"]
[Result "1/2-1/2"]
[WhiteElo "1636"]
[BlackElo "1608"]
[PlyCount "29"]
[EventDate "2010.05.13"]

1. e4 d5 2. exd5 Qxd5 3. Nc3 Qa5 4. d4 Nf6 5. Bd2 c6 6. Ne4 Qc7 7. Nxf6+ exf6
8. Nf3 Bd6 9. h3 O-O 10. Be2 Re8 11. O-O Qb6 12. b3 Bf5 13. Re1 Qd8 14. c3 Qc8
15. Bf1 1/2-1/2

[Event "Stockerau-Open 2010 B-Turnier"]
[Site "Veranstaltungszentrum Z2000 -"]
[Date "2010.05.16"]
[Round "5"]
[White "Mucha, Martin"]
[Black "Tollerian, Karlheinz"]
[Result "0-1"]
[WhiteElo "1619"]
[BlackElo "1634"]
[PlyCount "90"]
[EventDate "2010.05.13"]

1. e4 c5 2. Nf3 d6 3. d4 cxd4 4. Nxd4 a6 5. Nc3 e6 6. Be3 Nf6 7. Be2 Be7 8. Qd2
O-O 9. O-O b5 10. a3 Bb7 11. Bf3 Nbd7 12. e5 Bxf3 13. exf6 Nxf6 14. Nxf3 d5 15.
Ne5 Rc8 16. Bd4 Qc7 17. Qd3 Bd6 18. Rfe1 Bc5 19. Rac1 Bxd4 20. Qxd4 Rfd8 21.
Re3 Nd7 22. Nxd7 Qxd7 23. Qd2 d4 24. Rd3 dxc3 25. Rxd7 cxd2 26. Rxd8+ Rxd8 27.
Rd1 Kf8 28. Kf1 Ke7 29. Ke2 e5 30. Rxd2 Rxd2+ 31. Kxd2 Kd6 32. Kd3 f5 33. b4
Kd5 34. f3 g5 35. g3 h6 36. h3 h5 37. g4 hxg4 38. fxg4 fxg4 39. hxg4 e4+ 40.
Ke3 Ke5 41. c4 bxc4 42. a4 c3 43. b5 a5 44. Ke2 Kd6 45. Kd1 e3 0-1